Harmless Mimic or Deadly? - Statistics

General Stats
  • This quiz has been taken 6 times
  • The average score is 5 of 10
Answer Stats
Question Answer % Correct
Click the delicious Viceroy, but be careful not to eat the monarch!
100%
Which is a Harmless Midland Watersnake? Beware of Copperheads
67%
Which is a harmless Gopher Snake? Beware of rattlesnakes
67%
Which is a harmless Keeled Ratsnake? Beware of King Cobras
67%
Click is the harmless hoverfly, but don't grab the stinging sweat bee!
67%
Which is a harmless False Fer-de-Lance? Beware of Fer-De-Lances
50%
Find the False Widow, but beware of true widows!
33%
Which is a harmless Kingsnake? Beware of coral snakes
33%
Which is a harmless Broad-Banded Watersnake? Beware of Cottonmouths
17%
Which is a harmless Eastern Natal Green Snake?
17%
No matching quizzes found
Score Distribution
Percent of People with Each Score
Percentile by Number Answered
Your Score History
You have not taken this quiz